[Event "Corsica-chT"]
[Site "Ponte Leccia"]
[Date "2010.03.28"]
[Round "2"]
[White "Gra, Agnes"]
[Black "Venel, Frederic"]
[Result "0-1"]
[WhiteElo "1250"]
[BlackElo "1499"]
[PlyCount "106"]
[EventDate "2010.03.28"]
[EventType "team-tourn"]
[EventRounds "9"]
[EventCountry "FRA"]
[SourceTitle "EXT 2012"]
[Source "ChessBase"]
[SourceDate "2011.11.24"]
[SourceVersion "1"]
[SourceVersionDate "2011.11.24"]
[SourceQuality "1"]

1. e4 e5 2. Nf3 Nc6 3. Nc3 Nf6 4. Bb5 d6 5. 0-0 a6 6. Ba4 Be7 7. Bb3 0-0 8. d3 Be6 9. Nd5 Nxd5 10. exd5 Na5 11. dxe6 Nxb3 12. axb3 fxe6 13. Ra4 Rf7 14. Be3 c5 15. Qd2 b5 16. Rg4 Bf6 17. Ng5 Re7 18. Ne4 Rf7 19. Bh6 Be7 20. Qe3 Qd7 21. Qg3 Bf8 22. Qh4 Kh8 23. Qg5 g6 24. Re1 Be7 25. Qd2 Rg8 26. Re3 d5 27. Ng5 Bxg5 28. Bxg5 Rgf8 29. Rf3 Rxf3 30. gxf3 Rxf3 31. Qe2 Rf5 32. Qe3 d4 33. Qh3 Qf7 34. Qg2 h5 35. Re4 Kg7 36. Qg3 Qc7 37. f4 Qf7 38. Kg2 exf4 39. Bxf4 Qe7 40. Bd6 Qd8 41. Rxe6 Rg5 42. Be5+ Kh7 43. Bf6 Qd5+ 44. Re4 Rxg3+ 45. Kxg3 Qd6+ 46. Be5 Qe6 47. Bxd4 Qd5 48. Be3 g5 49. Re7+ Kg6 50. Rc7 Qe5+ 51. Bf4 gxf4+ 52. Kh4 Qg5+ 53. Kh3 Qg4# 0-1